000 00637nam a2200193 4500
001 143706
003 ES-MaACL
007 t|
008 070214s1983 sp r ||||1| spa d
100 1 _aSeva Díaz, Antonio.
_9105909
245 1 3 _aEl alma del asfalto
_b: la salud mental en la población urbana de Zaragoza /
_cAntonio Seva Díaz.
260 _aZaragoza :
_bUniversidad,
_c1983 (
_fINO)
300 _a360 p. ;
_c24 cm.
650 7 _aSalud mental
_2embne
_916972
710 2 _aUniversidad de Zaragoza
_97352
852 _aES-MaACL
_bR.104943
_jL-4106
_9148897
_cDEPO2
942 _2udc
_cMONOGRAFIA
999 _c143706
_d143706